书目信息 |
| 题名: |
安规e码通
|
|
| 作者: | 崔建林 主编 ;江西省交通运输厅 主编 | |
| 分册: | ||
| 出版信息: | 南昌 江西人民出版社 2022.04 |
|
| 页数: | 123页 | |
| 开本: | 28cm | |
| 丛书名: | ||
| 单 册: | ||
| 中图分类: | U415.12-65 , U615.1-65 , U415.12 | |
| 科图分类: | ||
| 主题词: | 道路工程--dao lu gong cheng--施工现场--安全生产--标准化--江西 , 航道工程--hang dao gong cheng--施工现场--安全生产--标准化--江西 | |
| 电子资源: | ||
| ISBN: | 978-7-210-13839-6 | |
| 000 | 01400nam0 2200289 450 | |
| 001 | 26216 | |
| 005 | 20220919221936.06 | |
| 010 | @a978-7-210-13839-6@dCNY236.00 | |
| 100 | @a20220817d2022 em y0chiy50 ea | |
| 101 | 0 | @achi |
| 102 | @aCN@b360000 | |
| 105 | @aa z 000yy | |
| 200 | 1 | @a安规e码通@Aan gui e ma tong@e公路水运工程施工现场安全标准化工具书@f江西省交通运输厅主编 |
| 210 | @a南昌@c江西人民出版社@d2022.04 | |
| 215 | @a123页@c彩图@d28cm | |
| 314 | @a书内题: 崔建林主编 | |
| 330 | @a本书以有效落实全员安全生产责任制为主线, 以相关安全法律法规和技术标准为准绳, 以分部分项工程关键工序和关键部位安全管控为重点, 在提升从业人员安全技术水平、提高施工现场安全标准化水平、深化从业单位安全管理经验交流、项目风采展示和警示教育平台搭建等方面进行了探索和创新, 着力贴近实际、贴近现场, 以满足不同专业、不同层级的从业人员使用要求。 | |
| 517 | 1 | @a公路水运工程施工现场安全标准化工具书@Agong lu shui yun gong cheng shi gong xian chang an quan biao zhun hua gong ju shu |
| 606 | 0 | @a道路工程@Adao lu gong cheng@x施工现场@x安全生产@x标准化@y江西 |
| 606 | 0 | @a航道工程@Ahang dao gong cheng@x施工现场@x安全生产@x标准化@y江西 |
| 690 | @aU415.12-65@v5 | |
| 690 | @aU615.1-65@v5 | |
| 690 | @aU415.12@v4 | |
| 701 | 0 | @a崔建林@Acui jian lin@4主编 |
| 711 | 02 | @a江西省交通运输厅@Ajiang xi sheng jiao tong yun shu ting@4主编 |
| 801 | 0 | @aCN@c20220910 |
| 905 | @a河南城建学院图书馆@dU415.12@eC969@f1 | |
| 安规e码通:公路水运工程施工现场安全标准化工具书/江西省交通运输厅主编.-南昌:江西人民出版社,2022.04 |
| 123页:彩图;28cm |
| ISBN 978-7-210-13839-6:CNY236.00 |
| 本书以有效落实全员安全生产责任制为主线, 以相关安全法律法规和技术标准为准绳, 以分部分项工程关键工序和关键部位安全管控为重点, 在提升从业人员安全技术水平、提高施工现场安全标准化水平、深化从业单位安全管理经验交流、项目风采展示和警示教育平台搭建等方面进行了探索和创新, 着力贴近实际、贴近现场, 以满足不同专业、不同层级的从业人员使用要求。 |
| ● |
| 相关链接 |
|
|
|
正题名:安规e码通
索取号:U415.12/C969
 
预约/预借
| 序号 | 登录号 | 条形码 | 馆藏地/架位号 | 状态 | 备注 |
| 1 | 1577111 | 215771118 | 自科库501/501自科库 82排2列4层/ [索取号:U415.12/C969] | 在馆 |